Statistiques concernant Les 100 Pokémon de la Deuxième Génération

Cliquez ici pour prendre le quiz!

Statistiques générales

  • Ce quiz a été pris 22 828 fois
  • Le résultat moyen est 63 sur 100

Statistiques - réponses

#Pokémon% Correct
155Hericendre
95%
158Kaiminus
94%
160Aligatueur
92%
152Germignon
92%
249Lugia
92%
157Typhlosion
92%
250Ho-oh
90%
154Meganium
90%
156Feurisson
89%
245Suicune
87%
244Entei
86%
153Macronium
86%
159Crocrodil
85%
243Raikou
85%
251Celebi
83%
163Hoothoot
79%
161Fouinette
78%
197Noctali
78%
162Fouinar
77%
196Mentali
77%
164Noarfang
77%
208Steelix
76%
248Tyranocif
75%
246Embrylex
74%
172Pichu
74%
239Elekid
73%
240Magby
73%
180Lainergie
72%
181Pharamp
72%
247Ymphect
72%
212Cizayox
69%
241Ecremeuh
69%
173Melo
69%
175Togepi
69%
167Mimigal
67%
179Wattouat
67%
168Migalos
66%
169Nostenfer
66%
174Toudoudou
66%
229Demolosse
65%
228Malosse
65%
176Togetic
65%
230Hyporoi
64%
201Zarbi
64%
238Lippouti
63%
185Simularbre
62%
237Kapoera
61%
198Cornebre
60%
165Coxy
60%
236Debugant
60%
166Coxyclaque
59%
200Feuforeve
59%
220Marcacrin
58%
199Roigada
58%
221Cochignon
57%
214Scarhino
57%
183Marill
56%
186Tarpaud
56%
184Azumarill
55%
182Joliflor
55%
204Pomdepik
55%
227Airmure
54%
189Cotovol
54%
215Farfuret
54%
192Heliatronc
54%
242Leuphorie
54%
177Natu
54%
178Xatu
54%
232Donphan
53%
188Floravol
53%
205Foretress
53%
187Granivol
53%
194Axoloto
52%
195Maraiste
52%
217Ursaring
52%
234Cerfrousse
51%
203Girafarig
51%
231Phanpy
51%
223Remoraid
51%
216Teddiursa
51%
191Tournegrin
51%
226Demanta
50%
206Insolourdo
50%
218Limagma
50%
171Lanturn
49%
170Loupio
49%
224Octillery
49%
219Volcaropod
49%
233Porygon2
48%
202Qulbutoke
48%
225Cadoizo
47%
207Scorplane
46%
190Capumain
45%
210Granbull
44%
211Qwilfish
44%
235Queulorior
43%
193Yanma
43%
213Caratroc
42%
209Snubbull
42%
222Corayon
40%

Distribution des résultats

Percentile par nombre de réponses

% des personnes avec chaque résultat

Votre développement - résultats

Vous n’avez pas pris ce quiz